000 00573nam a2200181Ia 4500
003 GCL
008 140319s9999 xx 000 0 ara d
040 _aGCL /
_cGCL
082 0 4 _a669.1
_bم ح
100 1 _aمصطفى السيد شحاتة \\=aاحمد محمد ديابv
245 1 0 _aخواص واختبارات مقاومة المواد المعدنية /
_cمصطفى السيد شحاتة
260 _a[S.N] :
_bدار الراتب الجامعية
300 _a416
490 _a
650 0 4 _aالمعادن
650 0 4 _aمواصفات
942 _2ddc
_cBK
999 _c54626
_d54626